| 000 | 00994cam a22002533 4500 | ||
|---|---|---|---|
| 001 | 9101 | ||
| 010 | _a9782365680875 | ||
| 010 | _a9782492121234 | ||
| 090 | _a9101 | ||
| 099 | _tLIVR | ||
| 100 | _a20240828d2024 m h0frey50 ba | ||
| 101 | 0 | _afre | |
| 102 |
_aFR _aMC |
||
| 200 | 1 |
_aMiquel Barceló, Océanographe _bLIVR _e[Exposition, Monaco, Nouveau musée national de Monaco, Villa Paloma, 7 juin-13 octobre 2024] _fBjörn Dahlström _fChantal Thomas _fStéphane Vacquier _fMarie Darrieussecq _fGuillaume de Sardes |
|
| 215 |
_a1 vol. (223 p.) _cill. en coul. _d26 cm _e1 bandeau |
||
| 300 | _aJBE = Jean Boîte éditions | ||
| 600 |
_312533409 _aBarceló _bMiquel _f1957-.... _311975676 _xThèmes, motifs _924208 |
||
| 600 |
_aMauriès _bPatrick _924209 |
||
| 606 |
_311932881 _aLa Mer _311989609 _xDans l'art _xOcéanographie _924210 |
||
| 676 |
_a709.2 BAR _v23 |
||
| 712 | 1 | 1 |
_314638122 _aNouveau musée national _4070 _924211 |
| 801 | 0 |
_aFR _bFR-751131015 _c20240828 _gAFNOR |
|
| 801 | 0 |
_aTN _b32Bis |
|
| 830 | _aABA | ||